00678nam a2200193Ia 4500008004100000082001300041100001800054245007200072250000800144260003100152300001200183500002400195650001400219700002100233942000700254952010300261952010300364999001700467230524s9999 xx 000 0 und d a330bKEA aBarry Keating 0aManagerial Economics An Economic Foundation for Business Decissions a2ND aNEW DELHIbbiztantrac2007 aVII;725 aQuantity Number: 2 aEconomics a J.Holton Wilson cBK 00104070aTATCLbTATCLcGENd2023-05-24l0o330 KEAp31821r2023-05-24w2023-05-24yBKzHSSM4202 00104070aTATCLbTATCLcGENd2023-05-24l0o330 KEAp31822r2023-05-24w2023-05-24yBKzHSSM4202 c43890d43890